Statistics for Prophets of Islam

Click here to take the quiz!

General Stats

  • This quiz has been taken 3,080 times
    (3,021 since last reset)
  • The average score is 16 of 25

Answer Stats

#HintProphet% Correct
1The first man.Adam
98%
24The Messiah. According to the Quran, he was not crucified but raised to heaven.Isa (Jesus)
96%
25The last prophet and messenger. The Quran was revealed to him.Muhammad
93%
6Nicknamed 'Father of the Prophets'.Ibrahim (Abraham)
92%
3The first messenger. Built the ark.Nuh (Noah)
92%
13Liberated the children of Israel from the treachery of Pharaoh.Musa (Moses)
91%
11Favorite son of the above. Was imprisoned before becoming Treasurer of Egypt.Yusuf (Joseph)
84%
20Killed the giant Jalut (Goliath) using only a sling. Later became king of Israel.Dawud (David)
74%
8First born of #6, and ancestor of the Arabs.Ismail (Ishmael)
74%
7Nephew of the above. Sent to mischievous people who 'lusted for men over women'Lut (Lot)
71%
21Heir of the above. He could talk to animals, commanded the wind, and had an army of Djinn.Sulaiman (Solomon)
71%
15Got swallowed by a giant fish, and lived.Yunus (Jonah)
71%
10Also known as Israel. Ancestor of the Hebrews.Yaqub (Jacob)
68%
9Half-brother of the above.Ishaq (Isaac)
65%
14The above's brother and right-hand man.Harun (Aaron)
61%
16God took away his wealth and health to test him, and he was patient.Ayyub (Job)
56%
23Son of the above. He was given wisdom and prophet-hood from youth.Yahya (John)
56%
2This mysterious prophet was raised to 'a high station' after his death. #25 met him in the fourth heaven during the Ascension.Idris (Enoch)
53%
22He was a steadfast Jewish priest and guardian of Mary, the mother of #24.Zakaria (Zechariah)
50%
4Sent to the people of Aad, who built Iram of the Pillars.Hud
47%
5Sent to the people of Thamud. His miracle was the She-Camel.Saleh
47%
18Mentioned only twice in the Quran. Some scholars claim he is descended from #14.Ilyas (Elijah)
37%
17One of the Hebrews' many prophets. His name means "possessor of the cloth."Zulkifl (Ezekiel)
32%
12Sent to the people of Madyan in northern Arabia.Shuaib
31%
19Prophetic successor of the above. Also mentioned twice in the Quran.Alyasa (Elisha)
26%

Score Distribution

Percentile by Number Answered

Percent of People with Each Score

Your Score History

You have not taken this quiz since the last reset